| 000 | 00761nas a2200265 4500 | ||
|---|---|---|---|
| 001 | BR9201479 | ||
| 003 | BR-BrBNA | ||
| 005 | 20231205092416.0 | ||
| 007 | ta | ||
| 008 | 230509b bl.|||p| |||| 00| 00por d | ||
| 040 |
_aBR-BrBNA _bpor _cBiblioteca Nacional de Agricultura |
||
| 041 | _a(Pt) | ||
| 072 | _aP06 | ||
| 100 | 1 | _aMutton, M.J.R. | |
| 100 | 1 | _aLemos, E.G. de | |
| 100 | 1 | _aAndrade, C.F.Z. de | |
| 245 | 1 | _aAcao de biocidas na viabilidade celular e fermentacao alcoolica | |
| 650 | _aALCOOL | ||
| 650 | _aFERMENTACAO ALCOOLICA | ||
| 650 | _aINOCULACAO | ||
| 650 | _aPOLUENTE | ||
| 773 | 0 |
_tCiencia Agronomica. Jaboticabal (Brazil) _x _g(1989), v. 4(1) p. 2-4 _wBR9201479 |
|
| 909 |
_a202311 _bLúcia _c55 _dLúcia Elande |
||
| 942 |
_2AGRIS _n0 _cANA |
||
| 999 |
_c131504 _d131504 |
||